000 00969nam a2200265 c 4500
999 _c343643
_d343643
003 BLK
005 20190930142559.0
008 180911b bul|||||r ||||||| ||bul||
010 _a003304
040 _aBLK
041 _aDEU
_cBUL
080 _z792(430)
100 1 _aKINDERMANN, Heinz
_eпърви автор
_915084
245 0 0 _aHolderlin und das Deutsche Theater
260 _aWien
_bWilhelm Frick
_c1943
300 _a50 с., 8 л. : ил
_c22 см
380 _a7
490 _aЧастна колекция - Академик Михаил Арнаудов
_gДарение - Основен фонд
520 _aМихаил Арнаудов: негови-книгана други лица-лист-ръкопис
520 _aПодчертавания в текстаПечатна картичка с надпис "Auf Veranlassung des Autors".
655 _aИзкуство
_9396615
700 1 _aHeinz Kinderman
_9397260
852 _aМА 636
_bМА
942 _cKNG
_n0
_s1
944 _aCR
_c1995
_kValK
999 _d343643